Textbook on Professional Ethics and Human Values (Record no. 11267)

MARC details
000 -LEADER
fixed length control field 00394nam a22001577a 4500
003 - CONTROL NUMBER IDENTIFIER
control field OSt
008 - FIXED-LENGTH DATA ELEMENTS--GENERAL INFORMATION
fixed length control field 220607b ||||| |||| 00| 0 eng d
020 ## - INTERNATIONAL STANDARD BOOK NUMBER
International Standard Book Number 9788122479270
082 ## - DEWEY DECIMAL CLASSIFICATION NUMBER
Classification number 170 NAT
100 ## - MAIN ENTRY--PERSONAL NAME
Personal name NAAGARAZAN, R S
245 ## - TITLE STATEMENT
Title Textbook on Professional Ethics and Human Values
250 ## - EDITION STATEMENT
Edition statement 3rd
260 ## - PUBLICATION, DISTRIBUTION, ETC. (IMPRINT)
Place of publication, distribution, etc New Age International Publishers
Date of publication, distribution, etc 2023
300 ## - PHYSICAL DESCRIPTION
Extent 266
942 ## - ADDED ENTRY ELEMENTS (KOHA)
Source of classification or shelving scheme Dewey Decimal Classification
Koha item type Text Books
Holdings
Withdrawn status Lost status Source of classification or shelving scheme Damaged status Not for loan Collection code Home library Current library Date acquired Source of acquisition Currency Cost, normal purchase price Bill Number Total Checkouts Full call number Acc. no. / Barcode Date last seen Actual Cost, discounted price Bill Date Koha item type
    Dewey Decimal Classification     B.Tech(CE) PIET C-LIBRARY PIET C-LIBRARY 31/03/2024 Zafaa Books and Distributors In rupees 280.00 ZBD0497   170 NAT 37017 15/04/2024 190.40 31/03/2024 Reference Books
    Dewey Decimal Classification     B.Tech(CE) PIET C-LIBRARY PIET C-LIBRARY 31/03/2024 Zafaa Books and Distributors In rupees 280.00 ZBD0497   170 NAT 37018 15/04/2024 190.40 31/03/2024 Text Books
    Dewey Decimal Classification     MBA PIET C-LIBRARY PIET C-LIBRARY 28/03/2025 Zaffa Books INR 280.00 ZBD0594   170 NAT 38841 01/04/2025 190.40 28/03/2025 Reference Books
    Dewey Decimal Classification     MBA PIET C-LIBRARY PIET C-LIBRARY 28/03/2025 Zaffa Books INR 280.00 ZBD0594   170 NAT 38842 01/04/2025 190.40 28/03/2025 Text Books
    Dewey Decimal Classification     MBA PIET C-LIBRARY PIET C-LIBRARY 28/03/2025 Zaffa Books INR 280.00 ZBD0594   170 NAT 38843 01/04/2025 190.40 28/03/2025 Text Books
    Dewey Decimal Classification     MBA PIET C-LIBRARY PIET C-LIBRARY 28/03/2025 Zaffa Books INR 280.00 ZBD0594   170 NAT 38844 01/04/2025 190.40 28/03/2025 Text Books
    Dewey Decimal Classification     MBA PIET C-LIBRARY PIET C-LIBRARY 28/03/2025 Zaffa Books INR 280.00 ZBD0594   170 NAT 38845 01/04/2025 190.40 28/03/2025 Text Books

Design & Developed by: PIET Central Library
R70 Miles Stone Pattikalyana Samalkha Panipat 132102
mail ID :- [email protected], Phone No:- 0180-2569700 Ex.216